书目信息 |
| 题名: |
理论声学
|
|
| 作者: | 莫尔斯 著 ;吕如榆 , 杨训仁 译 | |
| 分册: | 上册 | |
| 出版信息: | 北京 科学出版社 1984.9 |
|
| 页数: | 549页 | |
| 开本: | 20cm | |
| 丛书名: | ||
| 单 册: | ||
| 中图分类: | O421 | |
| 科图分类: | ||
| 主题词: | 声学 | |
| 电子资源: | ||
| ISBN: | ||
| 000 | 00579nam0 2200217 45 | |
| 001 | 0312221749 | |
| 005 | 20040914154632.6 | |
| 010 | @dCNY3.25 | |
| 100 | @a20031222d1984 km y0chiy0120 ea | |
| 101 | @achi | |
| 105 | @a z 000yy | |
| 200 | 1 | @a理论声学@h上册@ALi Lun Sheng Xue@f(美)莫尔斯等著@F(Mei)Mo Er Si Deng Zhu@g吕如榆,杨训仁译 |
| 210 | @a北京@c科学出版社@d1984.9 | |
| 215 | @a549页@d20cm | |
| 606 | 0 | @a声学 |
| 690 | @aO421@v3 | |
| 701 | 0 | @a莫尔斯@4著 |
| 702 | 0 | @a吕如榆@4译 |
| 702 | 0 | @a杨训仁@4译 |
| 801 | @aCN@bTSTCL@c20031222 | |
| 905 | @dO421@e6:1@f1@b120458 | |
| 理论声学.上册/(美)莫尔斯等著/吕如榆,杨训仁译.-北京:科学出版社,1984.9 |
| 549页;20cm |
| ISBN :CNY3.25 |
| ● |
| 相关链接 |
|
|
|
|
正题名:理论声学
索取号:O421/6:1
 
预约/预借
| 序号 | 登录号 | 条形码 | 馆藏地/架位号 | 状态 | 备注 |
| 1 | 0120458 | 001701778 | 第三借阅区/ [索取号:O421/6:1] | 在馆 | |
| 2 | 0120459 | 001462205 | 第二样本阅览室/ [索取号:O421/6:1] | 在馆 |